000 00507nam a22002177a 4500
003 UA-OsUOA
001 84657
007 ta
008 20120607b un ||||| |||| 00| 0 ukr d
100 _aPrychodko N.
090 _a94(47+57)
942 _cBK
040 _aUA-OsUOA
_beng
_cUA-OsUOA
_dUA-OsUOA
245 _aCommunism in reality
300 _a64 с.
955 _a1
041 _aeng
080 _a94(47+57)
650 7 _a57 Біологічні науки в цілому
_2UDC
999 _c370963
_d370963